000 00284nam a2200121Ia 4500
008 190216s9999||||xx |||||||||||||| ||und||
100 _aKings
245 0 _aBusiness Policy And Strategic Management
260 _bKing`S Books Delhi
300 _a303
650 _aCommerce
942 _cBK
999 _c7312
_d7312